Křižovatky času - Ležáky v datech /

Other Authors: Doležalová, Jarmila, ml., 1965-
Language: Czech
Published: Včelákov : Jarmila Doležalová, 2007
Subjects:
Online Access: Digitalizovaný dokument
Physical Description: 127 s. : il. (některé barev.), mapy, portréty, faksim. ; 31 cm + errata (1 l. ; 80 mm x 21 cm)
Book
Saved in:
LEADER 01872nam a2200469 a 4500
001 nkc20071728084
003 CZ PrNK
005 20160607235007.0
007 ta
008 070723s2007 xr abche 000 0 cze
015 |a cnb001728084 
020 |a 978-80-254-0457-7  |q (v knize neuvedeno ;  |q váz.) 
035 |a (OCoLC)180878070 
040 |a ABA001  |b cze 
043 |a e-xr---  |b e-xr-pa  |2 czenas 
072 7 |a 94(437)  |x Dějiny Česka a Slovenska  |2 Konspekt  |9 8 
080 |a 94(437)"1942"  |2 MRF 
080 |a 94(437.314)  |2 MRF 
080 |a (048.8)  |2 MRF 
080 |a (084.11)  |2 MRF 
245 0 0 |a Křižovatky času - Ležáky v datech /  |c [publikaci připravili Jarmila Doležalová ml. ... et al.] 
246 3 0 |a Ležáky v datech 
260 |a Včelákov :  |b Jarmila Doležalová,  |c 2007 
300 |a 127 s. :  |b il. (některé barev.), mapy, portréty, faksim. ;  |c 31 cm +  |e errata (1 l. ; 80 mm x 21 cm) 
500 |a Věnováno obětem ležáckého údolí 
500 |a Dotisk r. 2007 
504 |a Obsahuje bibliografii 
650 0 7 |a vyhlazení Ležáků (1942 : Ležáky, Česko)  |7 ph159599  |2 czenas 
650 0 9 |a Ležáky, massacre, 1942  |2 eczenas 
651 7 |a Ležáky (Česko)  |7 ge129792  |x dějiny  |2 czenas 
651 9 |a Ležáky (Czechia)  |x history  |2 eczenas 
655 7 |a chronologické přehledy  |7 fd131969  |2 czenas 
655 7 |a obrazové publikace  |7 fd132947  |2 czenas 
655 9 |a chronological surveys  |2 eczenas 
655 9 |a pictorial works  |2 eczenas 
700 1 |a Doležalová, Jarmila,  |c ml.,  |d 1965-  |7 jx20070727013  |4 aut 
856 4 1 |u http://www.digitalniknihovna.cz/mzk/uuid/uuid:f85b4a30-0acb-11e6-93aa-005056827e51  |y Digitalizovaný dokument  |x NDK 
910 2 |a BOA001  |b 4-1189.454 
990 |a BK 
995 |a 01 
991 |b 200708  |c NOV 
996 6 |b 2610316845  |c 4-1189.454  |l MZK  |r Sklad / do 1 hodiny  |n 3  |p p.v.  |w 000857627  |u 000010  |a 1  |e BOA001  |j MZK50  |s P